000 00646nam a2200229Ia 4500
003 OSt
005 20220923212158.0
006 a|||||r|||| 00| 0
007 ta
008 220922b |||||||| |||| 00| 0 hin d
024 _a151,411
037 _cTextual
040 _aARTS
_cARTS
_bhin
041 _2hin
_ahin
082 _aO:2J64:16, 152J7
100 _aशेक्सपियर
245 0 _aतूफान, रागेय राघव अनु
246 _aTūfāna, rāgeya rāghav anu0
260 _c1977
942 _hO:2J64:16, 152J7
_cTEXL
_2CC
999 _c307084
_d307084